|
|
|
|
| LEADER |
02179nam a2200433 i 4500 |
| 001 |
36039 |
| 003 |
BD-DhAAL |
| 005 |
20211124131534.0 |
| 008 |
190919t2013 enka 001 0 eng |
| 999 |
|
|
|c 41043
|d 41043
|
| 010 |
|
|
|a 2012046033
|
| 020 |
|
|
|a 9781118325452 (cloth)
|
| 020 |
|
|
|a 1118325451 (cloth)
|
| 020 |
|
|
|a 9781118325490 (pbk.)
|
| 020 |
|
|
|a 1118325494 (pbk.)
|
| 040 |
|
|
|a DLC
|b eng
|c DLC
|e rda
|d DLC
|d BD-DhAAL
|
| 042 |
|
|
|a pcc
|
| 050 |
0 |
0 |
|a QD272.S6
|b S74 2013
|
| 082 |
0 |
0 |
|a 543.17
|2 23
|
| 100 |
1 |
|
|a Field, L. D.
|9 34980
|
| 245 |
1 |
0 |
|a Organic structures from spectra /
|c L.D. Field; S. Sternhell and J.R. Kalman
|
| 250 |
|
|
|a Fifth edition.
|
| 260 |
|
|
|a Chichester, West Sussex :
|b John Wiley & Sons Ltd.,
|c 2013
|
| 300 |
|
|
|a xiv, 495 pages :
|b illustrations ;
|c 39 cm.
|
| 500 |
|
|
|a Includes index.
|
| 526 |
|
|
|a PHR
|
| 541 |
|
|
|a Trim Education
|e 36039, 36040, 36041, 36042, 36043
|
| 650 |
|
0 |
|a Spectrum analysis
|v Problems, exercises, etc.
|9 34981
|
| 650 |
|
0 |
|a Organic compounds
|x Structure
|v Problems, exercises, etc.
|9 34982
|
| 650 |
|
0 |
|a Pharmacy.
|9 43094
|
| 700 |
1 |
|
|a Sternhell, S.
|9 34983
|
| 700 |
1 |
|
|a Kalman, J. R.
|9 34984
|
| 852 |
|
|
|a Ayesha Abed Library
|c General Stacks
|
| 942 |
|
|
|2 ddc
|c BK
|
| 952 |
|
|
|0 0
|1 0
|2 ddc
|4 0
|6 543_170000000000000_FIE
|7 0
|9 66262
|a BRACUL
|b BRACUL
|c GEN
|d 2019-09-12
|e Trim Education
|g 4370.00
|l 1
|m 1
|o 543.17 FIE
|p 3010036043
|r 2021-12-13
|s 2020-03-16
|t 5
|v 4370.00
|w 2019-09-12
|y BK
|
| 952 |
|
|
|0 0
|1 0
|2 ddc
|4 0
|6 543_170000000000000_FIE
|7 0
|9 66263
|a BRACUL
|b BRACUL
|c GEN
|d 2019-09-12
|e Trim Education
|g 4370.00
|l 0
|o 543.17 FIE
|p 3010036039
|r 2019-09-12
|t 1
|v 4370.00
|w 2019-09-12
|y BK
|
| 952 |
|
|
|0 0
|1 0
|2 ddc
|4 0
|6 543_170000000000000_FIE
|7 0
|9 66264
|a BRACUL
|b BRACUL
|c GEN
|d 2019-09-12
|e Trim Education
|g 4370.00
|l 0
|o 543.17 FIE
|p 3010036042
|r 2019-09-12
|t 4
|v 4370.00
|w 2019-09-12
|y BK
|
| 952 |
|
|
|0 0
|1 0
|2 ddc
|4 0
|6 543_170000000000000_FIE
|7 0
|9 66265
|a BRACUL
|b BRACUL
|c GEN
|d 2019-09-12
|e Trim Education
|g 4370.00
|l 0
|o 543.17 FIE
|p 3010036041
|r 2019-09-12
|t 3
|v 4370.00
|w 2019-09-12
|y BK
|
| 952 |
|
|
|0 0
|1 0
|2 ddc
|4 0
|6 543_170000000000000_FIE
|7 0
|9 66266
|a BRACUL
|b BRACUL
|c GEN
|d 2019-09-12
|e Trim Education
|g 4370.00
|l 0
|o 543.17 FIE
|p 3010036040
|r 2019-09-12
|t 2
|v 4370.00
|w 2019-09-12
|y BK
|